The Essence Stories and Essays of Delhi : (Record no. 166094)

MARC details
000 -LEADER
fixed length control field 00594nam a22001937a 4500
005 - DATE AND TIME OF LATEST TRANSACTION
control field 20260512150041.0
010 ## - LCCN (DPL NO)
LC control number ENG-125900 ENG-148448
020 ## - INTERNATIONAL STANDARD BOOK NUMBER
International Standard Book Number 9789388292306
Terms of availability 399.00
035 ## - SYSTEM CONTROL NUMBER
System control number EN-109432
035 ## - SYSTEM CONTROL NUMBER
System control number EN-131980
037 ## - SOURCE OF ACQUISITION
Source of stock number/acquisition DBAD
082 ## - DEWEY DECIMAL CLASSIFICATION NUMBER
Classification number 808.88
100 ## - MAIN ENTRY--PERSONAL NAME
Personal name Olio, Aleph
245 ## - TITLE STATEMENT
Title The Essence Stories and Essays of Delhi :
Statement of responsibility, etc by Aleph Olio
Remainder of title stories and essays /
260 ## - PUBLICATION, DISTRIBUTION, ETC. (IMPRINT)
Place of publication, distribution, etc New Delhi
Name of publisher, distributor, etc ALEPH Book Company
Date of publication, distribution, etc 2019
270 ## - ADDRESS
Address 7/16, Ansari Road, Daryaganj
City New Delhi
Postal code 110002
300 ## - PHYSICAL DESCRIPTION
Extent 134p.
Dimensions 20cm(Hb)
942 ## - ADDED ENTRY ELEMENTS (KOHA)
Source of classification or shelving scheme Dewey Decimal Classification
Item type English Books
Classification part 808.88
Call number suffix OLI
Holdings
Withdrawn status Lost status Not for loan Collection code Home library Current library Date acquired Source of acquisition Cost, normal purchase price Full call number Barcode Copy number Cost, replacement price Koha item type
      Non-fiction Ashok Vihar Ashok Vihar 12/07/2019 DBAD/PUB 399.00 808.88 OLI EN-109432 1 399.00 English Books
      Non-fiction Kasturba Gandhi Marg Kasturba Gandhi Marg 12/05/2026 Delivery of Books Act Division 399.00 808.88 OLI EN-131980 1 399.00 English Books

© Delhi Public Library
Hit Counter
free hit counter